Túžba zeme. : Štúdia prorockej knihy Daniel. /

Uložené v:
Podrobná bibliografia
Hlavný autor: Doukhan, Jacques (Author)
Médium: Kniha
Jazyk:Slovak
French
Vydané: Martin : Advent Orion s.r.o. Martin, 1996
Vydanie:1. vyd.
Témy:
ISBN: 8088719593 (brož.)
Fyzický popis: 250 s.
Tagy: Pridať tag
Žiadne tagy, Buďte prvý kto otaguje tento záznam!

MARC

LEADER 00000nam a2200000 a 4500
001 000054021
003 SVKK
005 19990708000000.0
008 961011s1996 xo e sloo
020 |a 8088719593 (brož.) 
040 |a SVKKK  |b slo  |c SVKKK  |e AACR2 
041 1 |a slo  |h fre 
044 |a xo  |c SK 
080 |a 224.5  |2 1997 
080 |a 224  |2 1997 
100 1 |a Doukhan, Jacques  |4 aut 
245 1 0 |a Túžba zeme. :  |b Štúdia prorockej knihy Daniel. /  |c Jacques Doukhan 
250 |a 1. vyd. 
260 |a Martin :  |b Advent Orion s.r.o. Martin,  |c 1996 
300 |a 250 s. 
653 0 |a Daniel, 622-530 pred n.l.  |2 SVKKKPH 
653 0 |a Knihy prorokov  |2 SVKKKPH 
653 0 |a prorok  |2 SVKKKPH 
653 0 |a výklady  |2 SVKKKPH 
655 7 |a monografie  |2 SVKKKPH 
910 |a svkkk 
919 |a 80-88719-59-3 
974 |a MI  |d 19961113 
974 |a PA  |d 19961105 
974 |a MI  |d 19990708 
998 |a BK 
090 |g SCKHL  |k Sklad Pribinova 2. posch.  |a III.174301  |j 900542  |i 2720409414  |s Absenčne